| 000 | 01024nam a2200325 i 4500 | ||
|---|---|---|---|
| 001 | 14996 | ||
| 003 | BD-RJUL | ||
| 005 | 20211208235730.0 | ||
| 008 | 140209s1979 caua b 001 0 eng | ||
| 020 | _a0816287333 | ||
| 035 | _aMITb10082169 | ||
| 035 | _a(BD-RJUL)15050 | ||
| 035 | _aGLIS00082169 | ||
| 040 |
_aDLC _cDLC _dMYG _beng |
||
| 041 | _aeng | ||
| 082 |
_a651.26 _bTOF 1979 |
||
| 099 | _aHF5548.2.T6255 | ||
| 100 | 1 |
_aTomeski, Edward Alexander. _946666 |
|
| 245 | 1 | 0 |
_aFundamentals of computers in business : _ba systems approach / _cEdward A. Tomeski, with Deborah S. Becker, George Stephenson, Dorothy E. Wood. |
| 260 |
_aSan Francisco : _bHolden-Day, _cc1979. |
||
| 300 |
_axviii, 556 p. : _bill. ; _c25 cm. |
||
| 504 | _aIncludes index. | ||
| 650 | 0 |
_aBusiness _xData processing. _946667 |
|
| 650 | 0 |
_aManagement information systems. _91330 |
|
| 650 | 0 |
_aComputers. _946668 |
|
| 650 | 0 |
_aElectronic data processing. _946669 |
|
| 942 |
_2ddc _cBK |
||
| 999 |
_c14996 _d14996 |
||